| 000 | 01017nam a2200301 a 4500 | ||
|---|---|---|---|
| 001 | BRL_779 | ||
| 005 | 20190320210907.0 | ||
| 008 | 071013s1962----sp-ad#####---#000-0#spa-# | ||
| 041 | _aspa | ||
| 044 | _asp | ||
| 050 | 4 |
_aSB199 _b.V65 1962 |
|
| 100 | 1 |
_aVoisin, Andre _924916 |
|
| 245 | 1 | 0 |
_aDinámica de los Pastos _cAndre Voisin ; Prefacio del C. Bressou; Traducción y Prólogo a la edición española por Carlos Luis de Cuenca. |
| 260 |
_aMadrid _bEditorial Tecnos _c1962 |
||
| 300 |
_a452 p. _c22 cm. |
||
| 440 | 0 |
_aAGROS, Manuales de agricultura y zootecnia _v7 _924917 |
|
| 500 | _aAu862 | ||
| 500 | _aTraducción del alemán: Lebendige grasnarbe. | ||
| 500 | _aTraducción del inglés: Better grassland sw ard. | ||
| 500 | _aEstado físico: Tiene una parte del lomo despegada. | ||
| 650 | 1 | 4 |
_aPastos _924797 |
| 650 | 1 | 4 |
_aPastos _xAbonos _924918 |
| 650 | 1 | 4 |
_aAgricultura _924919 |
| 700 | 1 |
_aBressou, C. _924920 |
|
| 700 | 1 |
_aCuenca, Carlos Luis de _etr. _924921 |
|
| 902 | _aGRL | ||
| 942 |
_2lcc _cB |
||
| 999 |
_c9591 _d9591 |
||